Complete The Lyric-The Beatles - Statistics

General Stats
  • This quiz has been taken 95 times
  • The average score is 21 of 30
Answer Stats
Song Lyric Completed Lyric % Correct
Let It Be When I find myself in times of trouble______ Mary comes to me Speaking words of wisdom, let it be Mother
95%
Hey Jude Hey Jude, don't make it bad.Take a sad ____ and make it better. Remember to let her under your skin, Song
95%
Come Together He say I know you, you know meOne thing I can tell you is you got to be ____ Free
88%
Blackbird Blackbird singing in the dead of nightTake these sunken eyes and learn to see All your life You were only waiting for this moment to be ____ Free
88%
Yesterday I'm not half the man I used to beThere's a shadow hanging over me Oh, yesterday came _______ Suddenly
88%
I Want To Hold Your Hand And when I touch youI feel happy _____ It's such a feelin' that my love I can't hide Inside
87%
A Hard Day's Night But when I get home to youI find the ______ that you do Will make me feel alright Things
83%
She Loves You You think you've lost your loveWell, I saw her _________ It's you she's thinkin' of And she told me what to say Yesterday
82%
Help! So much younger than today(I never need) I never ______ anybody's help in any way Needed
81%
Eleanor Rigby Eleanor RigbyPicks up the rice in the church where a _______ has been Lives in a dream Wedding
79%
All You Need Is Love There's nothin' you can do that can't be doneNothin' you can sing that can't be ____ Nothin' you can say, but you can learn how to play the game It's easy Sung
78%
I Saw Her Standing There Well, she looked at me, and I, I could seeThat before too long, I'd fall in love with her She wouldn't _____ with another (Woah) When I saw her standing there Dance
77%
Here Comes The Sun Little darlingIt feels like _____ since it's been here Here comes the sun Years
77%
Norwegian Wood She asked me to stayAnd she told me to sit anywhere So I looked ______ And I noticed there wasn't a chair Around
76%
Get Back Jo Jo left his home in ______, ArizonaFor some California grass Tucson
74%
Hello, Goodbye I say, "High", you say, "Low"You say, "___?" And I say, "I don't know" Oh no Why
69%
Lucy In The Sky With Diamonds Picture yourself in a boat on a riverWith ________ trees and marmalade skies Tangerine
68%
A Day In The Life Woke up, fell out of bedDragged a comb across my head Found my way _________ and drank a cup Downstairs
67%
Strawberry Fields Let me take you down'Cause I'm going to strawberry fields _______ is real Nothing
67%
The Ballad Of John And Yoko Christ, you know it ain't easyYou know how hard it can be The way things are _____ They're going to crucify me Going
65%
In My Life There are places I'll rememberAll my life though some have changed Some ______, not for better Some have gone and some remain Forever
62%
Sgt. Pepper's Lonely Hearts Club Band I don't ______ want to stop the showBut I thought that you might like to know That the singer's gonna sing a song And he wants you all to sing along Really
62%
Yellow Submarine And our friends are all ______Many more of them live next door And the band begins to play Aboard
58%
Revolution You tell me that it's _________Well, you know We all want to change the world Evolution
58%
Getting Better I used to get mad at my school (no, I can't complain)The teachers who taught me weren't ____ (no, I can't complain) Cool
55%
The Long And Winding Road The wild and _____ nightThat the rain washed away Has left a pool of tears Crying for the day Windy
54%
I Am The Walrus Mister City policeman sittingPretty little ________ in a row See how they fly like Lucy in the sky, see how they run Policeman
47%
Penny Lane Penny Lane is in my ears and in my eyesWet beneath the blue suburban skies I sit and _________ back in Meanwhile
45%
Taxman Should five percent appear too smallBe ________ I don't take it all 'Cause I'm the taxman Yeah, I'm the taxman Thankful
42%
Two Of Us Two of us wearing _________Standing solo in the sun You and me chasing paper Getting nowhere on our way back home Raincoats
40%
No matching quizzes found
Score Distribution
Percent of People with Each Score
Percentile by Number Answered
Your Score History
You have not taken this quiz